Bygones
| Main Author: | |
|---|---|
| Format: | Book |
| Published: |
N.York :
G.P.Putnam's Sons ,
1992
|
MARC
| LEADER | 00000cam a2200000 7i4500 | ||
|---|---|---|---|
| 001 | 0000006296 | ||
| 002 | 000006799 | ||
| 005 | 20000330.0 | ||
| 020 | |a 0399137149 | ||
| 090 | 0 | 0 | |a F |b SPE |
| 100 | 1 | |a Spencer, LaVyrle | |
| 245 | 1 | 0 | |a Bygones |c LaVyrle Spencer |
| 260 | |a N.York : |b G.P.Putnam's Sons , |c 1992 | ||
| 300 | |a 382p. ; |c 23cm. | ||
| 999 | |a 037897 |b BUKU |c FICTION |e PERPUSTAKAAN KOMUNITI PETALING JAYA | ||